<?xml version="1.0" encoding="UTF-8"?>
<record
    xmlns:xsi="http://www.w3.org/2001/XMLSchema-instance"
    xsi:schemaLocation="http://www.loc.gov/MARC21/slim http://www.loc.gov/standards/marcxml/schema/MARC21slim.xsd"
    xmlns="http://www.loc.gov/MARC21/slim">

  <leader>01540nam a2200337 a 4500</leader>
  <controlfield tag="001">BRCA_8603</controlfield>
  <controlfield tag="005">20190320210337.0</controlfield>
  <controlfield tag="008">070916s1741----it-a######---#000-0#lat-#</controlfield>
  <datafield tag="041" ind1=" " ind2=" ">
    <subfield code="a">lat</subfield>
  </datafield>
  <datafield tag="044" ind1=" " ind2=" ">
    <subfield code="a">it</subfield>
  </datafield>
  <datafield tag="050" ind1=" " ind2="4">
    <subfield code="a">BS75</subfield>
    <subfield code="b">.D84</subfield>
    <subfield code="c">1741</subfield>
  </datafield>
  <datafield tag="100" ind1="1" ind2=" ">
    <subfield code="a">Hamel, Jo Baptista du</subfield>
    <subfield code="9">21504</subfield>
  </datafield>
  <datafield tag="245" ind1="1" ind2="0">
    <subfield code="a">Biblia sacra vulgatae editionis sixti V. &amp; Clementis VIII Pontif. Max. auctoritate recognita versiculis distincta</subfield>
    <subfield code="b">una cum selectis annotationibus ex optimis quibusque catholicis interpretibus &amp; etiam ex auctoribus heterodoxis in his quae catholicae veritati non sunt contraria excerptis prolegomenis novis tabulis chronologicis historicis &amp; geographicis illustrata</subfield>
    <subfield code="c">Jo Baptista du Hamel, Francisco Luca Brugensi.</subfield>
  </datafield>
  <datafield tag="260" ind1=" " ind2=" ">
    <subfield code="a">Venetiis</subfield>
    <subfield code="b">Ex typographia balleoniana</subfield>
    <subfield code="c">1741</subfield>
  </datafield>
  <datafield tag="300" ind1=" " ind2=" ">
    <subfield code="a">T.I, T.II</subfield>
    <subfield code="b">il.</subfield>
    <subfield code="c">29 cm</subfield>
  </datafield>
  <datafield tag="500" ind1=" " ind2=" ">
    <subfield code="a">Fondo antiguo</subfield>
  </datafield>
  <datafield tag="500" ind1=" " ind2=" ">
    <subfield code="a">Se encuentra en Caja Fuerte</subfield>
  </datafield>
  <datafield tag="500" ind1=" " ind2=" ">
    <subfield code="a">MG-2</subfield>
  </datafield>
  <datafield tag="500" ind1=" " ind2=" ">
    <subfield code="a">Tomo I portada impresa a dos tintas negro y rojo, con grabado en la guarda</subfield>
  </datafield>
  <datafield tag="500" ind1=" " ind2=" ">
    <subfield code="a">Contiene prefacio y pr&#xF3;logo</subfield>
  </datafield>
  <datafield tag="500" ind1=" " ind2=" ">
    <subfield code="a">Tomo I incluye aprobaci&#xF3;n de la p&#xE1;gina xvi</subfield>
  </datafield>
  <datafield tag="500" ind1=" " ind2=" ">
    <subfield code="a">Incluye indice</subfield>
  </datafield>
  <datafield tag="500" ind1=" " ind2=" ">
    <subfield code="a">Incluye tablas</subfield>
  </datafield>
  <datafield tag="500" ind1=" " ind2=" ">
    <subfield code="a">Texto impreso a dos columnas</subfield>
  </datafield>
  <datafield tag="500" ind1=" " ind2=" ">
    <subfield code="a">Uso de letras capitulares y vi&#xF1;etas al final de cada cap&#xED;tulo</subfield>
  </datafield>
  <datafield tag="500" ind1=" " ind2=" ">
    <subfield code="a">Nota de encuadernaci&#xF3;n: pasta espa&#xF1;ola</subfield>
  </datafield>
  <datafield tag="506" ind1="0" ind2=" ">
    <subfield code="a">Fondo reservado: para su consulta es necesario credencial de usuario y carta de motivos</subfield>
  </datafield>
  <datafield tag="650" ind1="1" ind2="4">
    <subfield code="a">Biblia</subfield>
    <subfield code="t">Brugensi, Francisco Luca</subfield>
    <subfield code="9">21505</subfield>
  </datafield>
  <datafield tag="902" ind1=" " ind2=" ">
    <subfield code="a">LAR</subfield>
  </datafield>
  <datafield tag="942" ind1=" " ind2=" ">
    <subfield code="2">lcc</subfield>
    <subfield code="c">B</subfield>
  </datafield>
  <datafield tag="999" ind1=" " ind2=" ">
    <subfield code="c">8266</subfield>
    <subfield code="d">8266</subfield>
  </datafield>
  <datafield tag="952" ind1=" " ind2=" ">
    <subfield code="0">0</subfield>
    <subfield code="1">0</subfield>
    <subfield code="4">0</subfield>
    <subfield code="7">0</subfield>
    <subfield code="a">BRCA</subfield>
    <subfield code="b">BRCA</subfield>
    <subfield code="d">2016-09-07</subfield>
    <subfield code="i">MG-2</subfield>
    <subfield code="l">0</subfield>
    <subfield code="o">BS75 .D84 1741 (MG-2)</subfield>
    <subfield code="p">LAR00114</subfield>
    <subfield code="r">2019-03-22 00:00:00</subfield>
    <subfield code="w">2019-03-22</subfield>
    <subfield code="y">B</subfield>
  </datafield>
</record>
